000 00650nam a22001937a 4500
005 20251108164140.0
008 250721s1985 xx 000 0 ara d
082 1 4 _a211/خضر
100 1 _aخضر، عبد العليم عبد الرحمن
245 1 0 _aالمنهج الإيماني للدراسات الكونية في القرآن الكريم /
250 _aط2.
264 1 _aجدة :
_bالدار السعودية للنشر،
_c1985.
300 _a576ص.
490 0 _aسلسلة العلم و القرآن ؛ 2
650 1 7 _aالقرآن الكريم
650 1 7 _aالعلوم القرآنية
942 _2ddc
_cBK
999 _c4849
_d4849